| 000 | 01140nam a22003377a 4500 | ||
|---|---|---|---|
| 003 | CHAP | ||
| 005 | 20220329140251.0 | ||
| 008 | 971013s1981 r 00010 d | ||
| 010 | _a49485 | ||
| 011 | _a50457 | ||
| 035 | _a54607 | ||
| 040 | _cCHAP | ||
| 090 | _aTesis | ||
| 100 | 0 | 0 |
_aVilla Zamora, Francisco Carlos de. _9119378 |
| 245 | _aAprovechamiento y desarrollo de áreas ejidales y comunales no suceptibles de explotación agropecuaria | ||
| 260 |
_aMéxico, D.F. : _bEl autor, _c1981 |
||
| 300 |
_a192 h. _b; gráfs. |
||
| 502 | _aTesis (Licenciado en Economía) -- UNAM. Facultad de Economía | ||
| 590 |
_aALEPH _b10 _c20130110 _lUCH01 _h1322 |
||
| 590 |
_aBATCH-UPD _b10 _c20130110 _lUCH01 _h0642 |
||
| 590 |
_aBATCH-UPD _b10 _c20130410 _lUCH01 _h0326 |
||
| 590 |
_aBATCH-UPD _b10 _c20130914 _lUCH01 _h1155 |
||
| 590 |
_aCONVERSION _b10 _c20130109 _lUCH01 _h1327 |
||
| 650 | 1 | 4 |
_aDesarrollo rural. _932067 |
| 650 | 1 | 4 |
_aEjido Río Frío. _935967 |
| 650 | 1 | 4 |
_aTierras comunales. _9113271 |
| 650 | 1 | 4 |
_aTierras _xAprovechamiento. _9113069 |
| 901 | _aBK | ||
| 942 | _cTESIS | ||
| 949 |
_bBC _cTES _d-120385 _eTS1 _h19522 _i54607 _mD _si |
||
| 999 |
_c49485 _d49485 |
||